| 000 | 02164nam a2200325 i 4500 | ||
|---|---|---|---|
| 001 | 768714001 | ||
| 003 | CO-MdFUSB | ||
| 005 | 20221025091738.0 | ||
| 007 | ta | ||
| 008 | 200602t2005 ck a|||| |||| 00| 0 spa d | ||
| 020 | _a9789584213808 | ||
| 040 |
_aCO-MdFUSB _bspa _cCO-MdFUSB _dCO-MdFUSBC _erda |
||
| 041 | _aspa | ||
| 082 |
_223 _a863.64 _bC268 |
||
| 100 |
_aCardona Grisales, Guillermo, _eautor |
||
| 245 | 3 |
_aEl jardín de las delicias _c/ Guillermo Cardona |
|
| 264 | 1 |
_aBogotá : _bPlaneta, _c[2005] |
|
| 264 | 4 | _c©2005. | |
| 300 |
_a183 páginas _c; 22 cm |
||
| 336 |
_2rdacontent _atexto _btxt |
||
| 337 |
_2rdamedia _asin mediación _bn |
||
| 338 |
_2rdacarrier _avolumen _bnc |
||
| 490 | _aSeix Barral | ||
| 500 | _aPremio Nacional de Literatura a Novela Inédita, 2005. | ||
| 520 | _aEsta novela acaba de obtener el Premio Nacional de Literatura a Novela Inédita 2005 del Ministerio de Cultura de Colombia, otorgado por unanimidad por un jurado que integraron los novelistas Héctor Abad Faciolince y Santiago Gamboa, y el catedrático Hernán Botero Restrepo. El jurado dijo en su veredicto: «El Jardín de las Delicias es una novela que recrea desde el punto de vista fantástico, casi onírico, un episodio fundamental de la historia de Colombia [el 9 de abril]. Escrita con un ritmo trepidante, a veces humorístico, a veces al borde del delirio; combina dos realidades, una sórdida y cotidiana, y otra impregnada de fastuosidad celestial. Con una dosificación sabia de la información se llega a un desenlace sorpresivo, casi alucinante, y sin embargo convincente. »El libro es también una aguda exploración en el mundo de la credulidad popular, en materia religiosa y esotérica, y aunque se desarrolla en una Bogotá a finales de la década del cuarenta, tiene repercusiones con el mundo contemporáneo. Los diálogos […] tienen la virtud de hacer verosímiles y vívidos a los personajes principales. No vemos precedentes en la literatura colombiana de esta curiosa combinación entre historia y ficción. | ||
| 563 | _aRústico | ||
| 650 | 7 |
_92518 _aLiteratura colombiana _2embne |
|
| 942 | _cBK | ||
| 945 | _aJTF-925 | ||
| 999 |
_c65987 _d65987 |
||